| 000 | 00523nam a2200217Ia 4500 | ||
|---|---|---|---|
| 003 | OSt | ||
| 005 | 20221005122248.0 | ||
| 006 | a|||||r|||| 00| 0 | ||
| 007 | ta | ||
| 008 | 221004b |||||||| |||| 00| 0 mal d | ||
| 024 | _a53786 | ||
| 037 | _cTextual | ||
| 040 |
_aCRL _cCRL _bmal |
||
| 041 |
_2mal _amal |
||
| 082 | _aO32,1xN2, F6 | ||
| 245 | 0 | _aIthihasapadyakritikal | |
| 260 | _c1926 | ||
| 650 |
_aMALAYALAM POETRY _9185636 |
||
| 942 |
_hO32,1xN2, F6 _cTEXL _2cc |
||
| 999 |
_c1043773 _d1043773 |
||